000 00733nam a2200217Ia 4500
003 GCL
008 140319s9999 xx 000 0 ara d
040 _aGCL /
_cGCL
082 0 4 _a953
_bم ا
100 1 _aمحمد عبدالرحمن مرحبا
245 1 0 _aانتفاضة العقل العربى /
_cمحمد عبدالرحمن مرحبا
260 _a[S.N] :
_bمنشورات عويدان ،
_c1994
300 _a557 ص
490 _a
650 0 4 _aالحضارة العربية الاسلامية - المعارف البحرية
650 0 4 _aالوطن العربى
650 0 4 _aاعلام العرب
650 0 4 _aالحضارة الاوربية
650 0 4 _aالحضارة الاسلامية
942 _2ddc
_cBK
999 _c55193
_d55193